000 00682nam a2200181Ia 4500
008 151018s9999 xx 000 0 und d
082 _bRBASDV6684
_a891.462
100 _aगोविंदस्वामी आफळे
245 _aतू बायको ना त्याची ?
250 _b1
260 _bग पा परचुरे प्रकाशन
_c1958
300 _a56
600 _aगोविंदस्वामी आफळे
630 _aतू बायको ना त्याची ?
700 _aगोविंदस्वामी आफळे
730 _aतू बायको ना त्याची ?
942 _cBOOK
999 _c1009057
_d1009054